Architectural theories of the environment : (Record no. 353916)

000 -LEADER
fixed length control field 01970cam a22003498i 4500
001 - CONTROL NUMBER
control field 17267706
003 - CONTROL NUMBER IDENTIFIER
control field OSt
005 - DATE AND TIME OF LATEST TRANSACTION
control field 20180116192421.0
008 - FIXED-LENGTH DATA ELEMENTS--GENERAL INFORMATION
fixed length control field 120423s2012 nyu 001 0 eng
010 ## - LIBRARY OF CONGRESS CONTROL NUMBER
LC control number 2012016341
020 ## - INTERNATIONAL STANDARD BOOK NUMBER
International Standard Book Number 9780415506182 (hardback)
020 ## - INTERNATIONAL STANDARD BOOK NUMBER
International Standard Book Number 9780415506199 (pb)
020 ## - INTERNATIONAL STANDARD BOOK NUMBER
Canceled/invalid ISBN 9780203084274 (ebook)
040 ## - CATALOGING SOURCE
Original cataloging agency DLC
Language of cataloging eng
Transcribing agency DLC
Description conventions rda
042 ## - AUTHENTICATION CODE
Authentication code pcc
050 00 - LIBRARY OF CONGRESS CALL NUMBER
Classification number NA2542.35
Item number .A65 2012
082 00 - DEWEY DECIMAL CLASSIFICATION NUMBER
Classification number 720.47
Edition number 23
084 ## - OTHER CLASSIFICATION NUMBER
Classification number ARC000000
-- ARC001000
-- ARC018000
Number source bisacsh
245 00 - TITLE STATEMENT
Title Architectural theories of the environment :
Remainder of title posthuman territory /
Statement of responsibility, etc. [edited by] Ariane Lourie Harrison.
260 ## - PUBLICATION, DISTRIBUTION, ETC.
Place of publication, distribution, etc. New York :
Name of publisher, distributor, etc. Routledge,
Date of publication, distribution, etc. 2013.
300 ## - PHYSICAL DESCRIPTION
Extent pages cm
500 ## - GENERAL NOTE
General note Includes index.
520 ## - SUMMARY, ETC.
Summary, etc. "Humans are the largest environmental force on the planet, making this a new geologic era: The Anthropocene. As architects and designers, we struggle to reconcile the ever increasing environmental, humanitarian, and technological demands placed on our projects. Here, for the first time, editor Ariane Lourie Harrison collects the essays of architects, theorists, and sustainable designers that together provide a framework to help you develop your own guidelines to approaching your work. Each introduction defines a key term, such as biopolitics, animalization, and sociotechnical model, to increase your design vocabulary and highlight themes from the readings. Nine case studies from five countries demonstrate these concepts, so that you can see theory made concrete"--
650 #0 - SUBJECT ADDED ENTRY--TOPICAL TERM
Topical term or geographic name entry element Architecture
General subdivision Environmental aspects.
9 (RLIN) 7416
650 #7 - SUBJECT ADDED ENTRY--TOPICAL TERM
Topical term or geographic name entry element ARCHITECTURE / General.
Source of heading or term bisacsh
9 (RLIN) 7417
650 #7 - SUBJECT ADDED ENTRY--TOPICAL TERM
Topical term or geographic name entry element ARCHITECTURE / Criticism.
Source of heading or term bisacsh
9 (RLIN) 7418
650 #7 - SUBJECT ADDED ENTRY--TOPICAL TERM
Topical term or geographic name entry element ARCHITECTURE / Sustainability & Green Design.
Source of heading or term bisacsh
9 (RLIN) 7419
700 1# - ADDED ENTRY--PERSONAL NAME
Personal name Harrison, Ariane Lourie,
Relator term editor of compilation.
9 (RLIN) 7420
906 ## - LOCAL DATA ELEMENT F, LDF (RLIN)
a 7
b cbc
c orignew
d 1
e ecip
f 20
g y-gencatlg
942 ## - ADDED ENTRY ELEMENTS (KOHA)
Source of classification or shelving scheme
Koha item type Book
Holdings
Withdrawn status Lost status Source of classification or shelving scheme Damaged status Not for loan Permanent Location Current Location Date acquired Total Checkouts Full call number Barcode Date last seen Date last checked out Cost, replacement price Price effective from Koha item type
          School of Art Design and Architecture (SADA) School of Art Design and Architecture (SADA) 04/04/2014 1 720.47 ARC 2013 SADA0002264 11/19/2014 11/12/2014 4506.26 04/07/2014 Book
          School of Art Design and Architecture (SADA) School of Art Design and Architecture (SADA) 05/06/2015   CD 720.47 ARC 2013 SADA0002464 03/12/2024   0.00 03/12/2024 Book
© 2023 Central Library, National University of Sciences and Technology. All Rights Reserved.